[Event "35th Zalakaros Open 2016"]
[Site "Zalakaros HUN"]
[Date "2016.05.27"]
[Round "1.25"]
[White "Loos, Roland"]
[Black "Deac, Bogdan-Daniel"]
[Result "1-0"]
[BlackTitle "IM"]
[WhiteElo "2316"]
[BlackElo "2501"]
[WhiteFideId "4643232"]
[BlackFideId "1226380"]
[EventDate "2016.05.27"]

1. d4 Nf6 2. c4 e6 3. Nf3 d5 4. Nc3 c6 5. Bg5 Nbd7 6. e3 Qa5 7. cxd5 Nxd5 8. Qd2
Bb4 9. Rc1 b6 10. Bd3 Ba6 11. O-O Nxc3 12. bxc3 Ba3 13. Rcd1 O-O 14. e4 Rfe8 15.
e5 Bf8 16. Rfe1 h6 17. Bf4 Bxd3 18. Qxd3 b5 19. Nd2 Qxa2 20. Re3 Qa4 21. Rde1 g6
22. Rg3 c5 23. h4 cxd4 24. h5 Bg7 25. hxg6 f6 26. cxd4 fxe5 27. Bxh6 Bxh6 28.
Qf3 Rf8 29. Qc6 Qa2 30. Qxd7 Bg7 31. Nf3 Qd5 32. Qe7 Rae8 33. Qh4 Rf4 34. Qh7+
Kf8 35. Rxe5 Qd7 36. Qh5 b4 37. Qg5 Rf6 38. Qe3 Rf5 39. Rg5 Rxg5 40. Rxg5 Qc7
41. Rc5 Qd6 42. Ne5 Kg8 43. Rc6 Qe7 44. Qb3 a5 45. g3 Qf6 46. Rc7 Qd8 47. Rd7
Qg5 48. Qf3 Qf5 49. Rxg7+ Kxg7 50. Qb7+ Kf8 51. Qh7 1-0

[Event "35th Zalakaros Open 2016"]
[Site "Zalakaros HUN"]
[Date "2016.05.27"]
[Round "1.26"]
[White "Mihok, Oliver"]
[Black "Szabo, Attila1"]
[Result "1-0"]
[WhiteTitle "GM"]
[BlackTitle "FM"]
[WhiteElo "2498"]
[BlackElo "2315"]
[WhiteFideId "728012"]
[BlackFideId "1206532"]
[EventDate "2016.05.27"]

1. e4 e5 2. Nf3 Nc6 3. Nc3 d6 4. h3 Nf6 5. d4 exd4 6. Nxd4 Be7 7. Bc4 O-O 8. O-O
Re8 9. Re1 a6 10. a4 Bd7 11. Be3 Bf8 12. Bg5 h6 13. Bh4 Nxd4 14. Qxd4 Be7 15.
Rad1 Bc6 16. b4 b6 17. Bxf7+ 1-0

[Event "35th Zalakaros Open 2016"]
[Site "Zalakaros HUN"]
[Date "2016.05.27"]
[Round "1.27"]
[White "Tate, Alan"]
[Black "Nemeth, Miklos1"]
[Result "1/2-1/2"]
[WhiteTitle "FM"]
[BlackTitle "IM"]
[WhiteElo "2307"]
[BlackElo "2482"]
[WhiteFideId "2401878"]
[BlackFideId "720232"]
[EventDate "2016.05.27"]

1. Nf3 Nf6 2. g3 d5 3. Bg2 e6 4. O-O Be7 5. d4 O-O 6. c4 dxc4 7. Qc2 b5 8. a4 b4
9. Nfd2 c6 10. Nxc4 Qxd4 11. Rd1 Qc5 12. Nbd2 Ba6 13. b3 Nbd7 14. Ne4 Qh5 15.
Bf3 Qg6 16. Bb2 Nd5 17. Na5 Rac8 18. Rac1 c5 19. Nc4 Rc7 20. Bg2 h5 21. e3 Rd8
22. h4 Qh6 23. a5 Qg6 24. Qe2 f5 25. Ng5 Bxg5 26. hxg5 Qxg5 27. e4 fxe4 28. Qxe4
Nf8 29. Ne5 Bb7 30. Nf3 Qh6 31. Qe5 Rf7 32. Rxc5 Nd7 33. Qd6 Nxc5 34. Qxd8+ Rf8
35. Qh4 Nc3 36. Rd8 Qf6 37. Rxf8+ Qxf8 38. Qxb4 Ne2+ 39. Kh2 Bxf3 40. Bxf3 Qxf3
41. Qxc5 Nxg3 1/2-1/2

[Event "35th Zalakaros Open 2016"]
[Site "Zalakaros HUN"]
[Date "2016.05.27"]
[Round "1.28"]
[White "Sundararajan, Kidambi"]
[Black "Kulon, Klaudia"]
[Result "0-1"]
[WhiteTitle "GM"]
[BlackTitle "WGM"]
[WhiteElo "2469"]
[BlackElo "2304"]
[WhiteFideId "5005370"]
[BlackFideId "1131044"]
[EventDate "2016.05.27"]

1. d4 Nf6 2. Nf3 g6 3. Bg5 Bg7 4. Nbd2 d5 5. e3 O-O 6. Bd3 Nbd7 7. O-O c5 8. c3
b6 9. a4 Bb7 10. Qb1 Re8 11. b4 Qc8 12. Ra2 a6 13. bxc5 bxc5 14. Rb2 Bc6 15. c4
e5 16. cxd5 Nxd5 17. Ne4 Qc7 18. dxc5 Reb8 19. Bc4 h6 20. Bh4 Rxb2 21. Qxb2 Nxe3
22. fxe3 Bxe4 23. Bxf7+ Kh8 24. Nd2 Bd3 25. Rc1 g5 26. Bg3 Nxc5 27. Bd5 Rd8 28.
e4 Nxa4 29. Rxc7 Nxb2 30. Nf3 Re8 31. Bf7 Rb8 32. Nxe5 Bxe4 33. h3 Nd3 34. Nxd3
Bxd3 35. Rd7 Bb5 36. Bxb8 Bxd7 37. Bc7 Bd4+ 38. Kh2 Kg7 39. Bd5 Bc3 40. Kg3 Kf6
41. Kf3 a5 42. h4 gxh4 43. Be4 Ke7 44. Ke3 a4 45. Kd3 Bf6 46. Ba5 Bb5+ 47. Kc2
Ke6 48. Bb4 Bc4 49. Bf3 Bb3+ 50. Kd3 Bb2 51. Bg4+ Kf6 52. Ke3 a3 53. Bxa3 Bxa3
54. Kf2 Bc5+ 55. Kf1 Bc4+ 56. Be2 Bxe2+ 57. Kxe2 Kg5 58. Kf3 h5 59. g3 h3 0-1

[Event "35th Zalakaros Open 2016"]
[Site "Zalakaros HUN"]
[Date "2016.05.27"]
[Round "1.29"]
[White "Gorcsi, Gabor"]
[Black "Narayanan, Srinath"]
[Result "0-1"]
[WhiteTitle "FM"]
[BlackTitle "IM"]
[WhiteElo "2304"]
[BlackElo "2469"]
[WhiteFideId "763411"]
[BlackFideId "5018420"]
[EventDate "2016.05.27"]

1. Nf3 c5 2. c4 Nc6 3. e3 e5 4. Nc3 Nf6 5. Be2 d5 6. cxd5 Nxd5 7. O-O Nc7 8. a3
Be7 9. Qc2 O-O 10. d3 b6 11. Bd2 Bb7 12. Rfc1 Kh8 13. Na4 Rc8 14. Qb1 Nd5 15. b4
cxb4 16. axb4 Ndxb4 17. Bxb4 Nxb4 18. Rxc8 Qxc8 19. Nxe5 b5 20. Nb2 Nd5 21. Nd1
Bf6 22. d4 Bxe5 23. dxe5 a6 24. Qb2 Re8 25. Rc1 Qb8 26. f4 Qa7 27. Bf3 Rd8 28.
Qd4 Qxd4 29. exd4 Nxf4 30. Bxb7 Ne2+ 0-1

[Event "35th Zalakaros Open 2016"]
[Site "Zalakaros HUN"]
[Date "2016.05.27"]
[Round "1.30"]
[White "Romanishin, Oleg M"]
[Black "Gazik, Igor"]
[Result "1/2-1/2"]
[WhiteTitle "GM"]
[BlackTitle "IM"]
[WhiteElo "2464"]
[BlackElo "2302"]
[WhiteFideId "14100088"]
[BlackFideId "14900149"]
[EventDate "2016.05.27"]

1. Nf3 g6 2. d4 f5 3. g3 Nf6 4. Bg2 Bg7 5. O-O O-O 6. b3 c6 7. c4 d6 8. Bb2 h6
9. Nc3 g5 10. Qc2 Na6 11. a3 Qe8 12. d5 c5 13. e4 Nxe4 14. Nxe4 fxe4 15. Nd2
Bxb2 16. Qxb2 e3 17. fxe3 Bg4 18. e4 Nc7 19. e5 Qg6 20. exd6 exd6 21. Rae1 Rxf1+
22. Rxf1 Re8 23. Qc3 Re5 24. h3 Bf5 25. g4 Bd3 26. Rf3 Bc2 27. Re3 Rxe3 28. Qxe3
Qf6 29. Be4 Qe5 30. Kf2 Bxe4 31. Qxe4 Qxe4 32. Nxe4 Ne8 33. b4 cxb4 34. axb4 Kf7
35. Ke3 a6 36. Kd4 Ke7 37. c5 Kd7 38. Ng3 dxc5+ 39. bxc5 Nf6 40. Ke5 Ng8 41. Ne4
Ne7 42. Nc3 Nc8 43. Na4 Ke7 44. d6+ Kd7 45. Kd5 a5 46. Nb2 Na7 47. Nc4 Nc6 48.
Nb6+ Kd8 49. Ke4 Nb4 50. Na4 Kd7 51. Kf5 Kc6 52. Ke6 Kb5 53. Nc3+ 1/2-1/2

[Event "35th Zalakaros Open 2016"]
[Site "Zalakaros HUN"]
[Date "2016.05.27"]
[Round "1.31"]
[White "Warakomska, Anna"]
[Black "Korpa, Bence"]
[Result "1/2-1/2"]
[WhiteTitle "WIM"]
[BlackTitle "IM"]
[WhiteElo "2298"]
[BlackElo "2461"]
[WhiteFideId "1130790"]
[BlackFideId "706671"]
[EventDate "2016.05.27"]

1. e4 c5 2. Nf3 e6 3. d4 cxd4 4. Nxd4 Nc6 5. Nc3 Qc7 6. Be3 Nf6 7. Be2 Be7 8.
O-O O-O 9. f4 d6 10. Kh1 Nxd4 11. Bxd4 e5 12. Be3 b6 13. Bd3 Bb7 14. Qf3 Rfe8
15. Rae1 Nd7 16. Nd5 Bxd5 17. exd5 Bf6 18. Qe4 Nf8 19. Bb5 Re7 20. f5 Nd7 21. b4
a6 22. Bxd7 Rxd7 23. c4 Rc8 24. Rc1 Qb7 25. Rfd1 Rdc7 26. Rc2 a5 27. a3 Bd8 28.
Rdc1 Qa6 29. h3 Be7 30. Kh2 h6 31. h4 Kh8 32. Bf2 Bd8 33. Be3 Qa7 34. c5 bxc5
35. bxc5 dxc5 36. d6 Rc6 37. Qxe5 Bxh4 38. Rxc5 Rxc5 39. Rxc5 Rxc5 40. Bxc5 Qd7
41. Bd4 Bf6 42. Qd5 Bd8 43. Qe5 Bf6 44. Qd5 1/2-1/2

[Event "35th Zalakaros Open 2016"]
[Site "Zalakaros HUN"]
[Date "2016.05.27"]
[Round "1.32"]
[White "Aryan, Chopra"]
[Black "Piasetski, Leon"]
[Result "1-0"]
[WhiteTitle "IM"]
[BlackTitle "IM"]
[WhiteElo "2459"]
[BlackElo "2292"]
[WhiteFideId "5084423"]
[BlackFideId "2600072"]
[EventDate "2016.05.27"]

1. e4 g6 2. d4 Bg7 3. Nc3 d6 4. f4 Nf6 5. Bd3 Nc6 6. Nf3 O-O 7. O-O e5 8. fxe5
dxe5 9. d5 Ne7 10. Nxe5 Nfxd5 11. Nxd5 Nxd5 12. Nxf7 Rxf7 13. Rxf7 Nf6 14. e5
Qd4+ 15. Kh1 Ng4 16. Rf4 Qxf4 17. Bxf4 Nf2+ 18. Kg1 Nxd1 19. Bc4+ Kf8 20. Rxd1
Bg4 21. Rf1 Ke8 22. Bg5 h6 23. Bf7+ Kd7 24. Bf6 Bxf6 25. Rxf6 Ke7 26. Bxg6 Rd8
27. Bd3 Rd5 28. Rxh6 Rxe5 29. Rh4 Be6 30. Re4 Rc5 31. b3 Kd6 32. h4 Rh5 33. Be2
Rh8 34. h5 c5 35. g4 Rg8 36. Rxe6+ 1-0

[Event "35th Zalakaros Open 2016"]
[Site "Zalakaros HUN"]
[Date "2016.05.27"]
[Round "1.33"]
[White "Krstulovic, Alex"]
[Black "Czebe, Attila"]
[Result "0-1"]
[WhiteTitle "FM"]
[BlackTitle "GM"]
[WhiteElo "2292"]
[BlackElo "2454"]
[WhiteFideId "760056"]
[BlackFideId "705268"]
[EventDate "2016.05.27"]

1. d4 d6 2. c4 e5 3. Nf3 e4 4. Ng5 f5 5. g3 Be7 6. Nh3 Nf6 7. Nc3 O-O 8. Bg2 c6
9. O-O Na6 10. f3 exf3 11. exf3 d5 12. cxd5 Nxd5 13. Nf4 Nxf4 14. Bxf4 Bf6 15.
Be5 Bxe5 16. dxe5 Be6 17. Qxd8 Rfxd8 18. Rfd1 Nb4 19. Bf1 Kf7 20. Kf2 Ke7 21. a3
Nc2 22. Rac1 Nd4 23. Ke3 c5 24. Nb5 Nxb5 25. Bxb5 Rxd1 26. Rxd1 Rc8 27. Rd6 c4
28. f4 Rc5 29. Ba4 Ra5 30. Bc2 Rb5 31. Kd4 Rxb2 32. Kc3 Ra2 33. a4 g6 34. Rd2 a5
35. Bd1 Ra3+ 36. Kd4 b6 37. Be2 Rb3 38. Bxc4 Rb4 39. Rc2 Rxa4 40. Kd3 Rxc4 41.
Rxc4 Bxc4+ 42. Kxc4 a4 43. Kb4 b5 44. Ka3 Ke6 45. Kb4 Kd5 46. Ka3 Kc5 47. Kb2 b4
48. Ka2 b3+ 49. Ka3 Kb5 50. h3 Kc5 0-1

[Event "35th Zalakaros Open 2016"]
[Site "Zalakaros HUN"]
[Date "2016.05.27"]
[Round "1.34"]
[White "Smith, Bryan G"]
[Black "Balint, Vilmos"]
[Result "1-0"]
[WhiteTitle "GM"]
[WhiteElo "2453"]
[BlackElo "2289"]
[WhiteFideId "2017083"]
[BlackFideId "718050"]
[EventDate "2016.05.27"]

1. e4 e5 2. Nf3 Nc6 3. Bb5 Nf6 4. d3 Bc5 5. Bxc6 dxc6 6. Nbd2 O-O 7. Nc4 Nd7 8.
Be3 Bd6 9. O-O f6 10. d4 Qe8 11. Qd3 Qh5 12. dxe5 Bxe5 13. Rad1 Nb6 14. Ncxe5
fxe5 15. Ng5 c5 16. Qc3 h6 17. Bxc5 Qxg5 18. Bxf8 Kxf8 19. Rd3 Qe7 20. Rfd1 Bg4
21. f3 Bh5 22. b3 Be8 23. a4 a5 24. h3 Bc6 25. Qd2 Ke8 26. Qf2 Nd7 27. Rc3 Qb4
28. Rdd3 Rd8 29. Kh2 Qe7 30. Rc4 Nf6 31. Rxd8+ Qxd8 32. Qc5 Nd7 33. Qxa5 Qg5 34.
Qc3 Qf4+ 35. Kg1 Qc1+ 36. Kf2 Qa3 37. a5 Qd6 38. a6 Bb5 39. a7 Qa6 40. Rxc7
Qxa7+ 41. Kg3 Qb6 42. Rc8+ Kf7 43. Qb4 h5 44. h4 Qg6+ 45. Kh2 Bc6 46. Rh8 Qf6
47. Rxh5 g6 48. Rh7+ Kg8 49. Qe7 Qxe7 50. Rxe7 Kf8 51. Re6 Kf7 52. Rd6 Nf8 53.
Kg3 Ne6 54. c3 Nc5 55. b4 Na4 56. c4 Nb2 57. c5 Nc4 58. Rd3 Bb5 59. Rd8 Na3 60.
Rb8 Bc6 61. Kf2 Kf6 62. g3 Nb5 63. Ke3 Nd4 64. Kd3 Bb5+ 65. Kc3 Bc6 66. Rd8 Nb5+
67. Kd3 Ke7 68. Rh8 Nd4 69. f4 Bb5+ 70. Ke3 Bc6 71. h5 gxh5 72. Rxh5 Nc2+ 73.
Kd3 Nxb4+ 74. Kc4 exf4 75. Kxb4 fxg3 76. Rg5 Ke6 77. Rxg3 Bxe4 78. Kb5 Ke5 79.
Kb6 Bh1 80. Rd3 Bd5 81. Rd2 Ke4 82. Rd1 Ke5 83. Kc7 Ke4 84. Kd6 Bc6 85. Ke6 Ke3
86. Ke5 Bg2 87. Rd7 Bh1 88. Rh7 Bg2 89. Rh2 Bc6 90. Rh3+ Kd2 91. Kd4 Kc2 92. Kc4
Kd2 93. Kb4 Bd7 94. Rg3 Ke2 95. Ka5 Kf2 96. Rg7 1-0

[Event "35th Zalakaros Open 2016"]
[Site "Zalakaros HUN"]
[Date "2016.05.27"]
[Round "1.35"]
[White "Horvath, Dominik"]
[Black "Puranik, Abhimanyu"]
[Result "0-1"]
[BlackTitle "IM"]
[WhiteElo "2286"]
[BlackElo "2452"]
[WhiteFideId "1642561"]
[BlackFideId "5061245"]
[EventDate "2016.05.27"]

1. Nf3 Nf6 2. c4 g6 3. Nc3 d5 4. cxd5 Nxd5 5. Qb3 Nb6 6. d4 Bg7 7. Bf4 O-O 8.
Rd1 a5 9. e4 c6 10. Be2 a4 11. Qc2 Na6 12. O-O Bg4 13. Ne5 Bxe2 14. Qxe2 Nc7 15.
Be3 Nd7 16. f4 Qc8 17. Qc4 a3 18. b4 Nxe5 19. fxe5 Qe6 20. Qxe6 Nxe6 21. Ne2
Rfd8 22. g3 Nc7 23. Nc3 Rd7 24. Rb1 Ne6 25. Rfd1 Rad8 26. d5 Nc7 27. Na4 Bxe5
28. Nc5 cxd5 29. Nxd7 Rxd7 30. exd5 Nxd5 31. Bd4 Bd6 32. Rbc1 f5 33. Bc5 Nc3 34.
Re1 Nxa2 35. Ra1 Nxb4 36. Bxd6 exd6 37. Rxa3 Na6 38. Kf2 Kf7 39. Kf3 d5 40. Rd1
Ke6 41. Re3+ Kd6 42. Red3 Kc6 43. Rd4 Nc5 44. Re1 Ne4 45. Rc1+ Kd6 46. Kf4 Nc5
47. Rdd1 b5 48. Rb1 Rb7 49. Rb4 Ne6+ 50. Ke3 Kc5 51. Rb2 d4+ 52. Kd3 Kd5 53. Rb4
Nc5+ 54. Kc2 d3+ 55. Kc3 Ne4+ 56. Kb2 d2 57. g4 Kc5 58. Rb3 fxg4 59. Re3 Kd4 60.
Rb3 b4 0-1

[Event "35th Zalakaros Open 2016"]
[Site "Zalakaros HUN"]
[Date "2016.05.27"]
[Round "1.36"]
[White "Nomin-Erdene, Davaademberel"]
[Black "Tarhon, Brian"]
[Result "0-1"]
[WhiteTitle "IM"]
[BlackTitle "FM"]
[WhiteElo "2448"]
[BlackElo "2285"]
[WhiteFideId "4900782"]
[BlackFideId "423190"]
[EventDate "2016.05.27"]

1. e4 c5 2. Nf3 e6 3. d4 cxd4 4. Nxd4 Nc6 5. Nc3 Qc7 6. Be3 Nf6 7. Qf3 a6 8.
O-O-O Bb4 9. Nxc6 dxc6 10. Bd4 Be7 11. e5 Nd5 12. Ne4 O-O 13. c4 c5 14. Bc3 Nxc3
15. Qxc3 b6 16. Ng3 Bg5+ 17. Kb1 Bb7 18. Nh5 Rfd8 19. Be2 g6 20. f4 Be7 21. Ng3
Bxg2 22. Rhg1 Rxd1+ 23. Bxd1 Qb7 24. Qe3 Rd8 25. Bc2 Rd4 26. Ne2 Rd7 27. Nc3 b5
28. Ne4 Bxe4 29. Bxe4 Qb8 30. cxb5 axb5 31. Qg3 Rd4 32. Bc2 Qd8 33. Qf3 Qd5 34.
Qg4 Qc4 35. b3 Qb4 36. Rf1 Rd2 37. Qg3 Qd4 38. Qg1 Qc3 39. Rc1 c4 40. Qa7 cxb3
41. axb3 Bc5 42. Qc7 Kg7 43. Qc8 Rd7 44. Bd1 Rxd1 45. Rxd1 Qxb3+ 46. Kc1 Be3+
47. Rd2 Qd3 48. Qc2 Qxd2+ 49. Qxd2 Bxd2+ 50. Kxd2 f6 51. Kc3 fxe5 52. fxe5 g5 0-1

[Event "35th Zalakaros Open 2016"]
[Site "Zalakaros HUN"]
[Date "2016.05.27"]
[Round "1.37"]
[White "Saravanan, V."]
[Black "Nguyen, Piotr"]
[Result "1-0"]
[WhiteTitle "IM"]
[BlackTitle "IM"]
[WhiteElo "2272"]
[BlackElo "2446"]
[WhiteFideId "5000580"]
[BlackFideId "1127993"]
[EventDate "2016.05.27"]

1. Nf3 c5 2. c4 g6 3. d4 cxd4 4. Nxd4 Nc6 5. e4 Nf6 6. Nc3 d6 7. Be2 Nxd4 8.
Qxd4 Bg7 9. Be3 O-O 10. Qd2 Be6 11. Rc1 Qa5 12. b3 Rfc8 13. f3 Nd7 14. O-O a6
15. f4 Nc5 16. Bf3 Rab8 17. Bd4 b5 18. f5 Bd7 19. Bxg7 Kxg7 20. Qd4+ f6 21. b4
Qxb4 22. Nd5 Qa3 23. Nxe7 Qd3 24. Qf2 Re8 25. Rcd1 Qxc4 26. Nd5 Bc6 27. Nxf6 Rf8
28. Rxd6 Rxf6 29. Rxf6 Kxf6 30. e5+ Kg7 31. f6+ Kh8 32. Bxc6 Rf8 33. f7 h5 34.
Qe3 Kg7 35. Rc1 Qxf7 36. Qxc5 Rc8 37. Qd6 1-0

[Event "35th Zalakaros Open 2016"]
[Site "Zalakaros HUN"]
[Date "2016.05.27"]
[Round "1.38"]
[White "Kreisl, Robert"]
[Black "Vegh, Endre"]
[Result "1/2-1/2"]
[WhiteTitle "IM"]
[BlackTitle "IM"]
[WhiteElo "2439"]
[BlackElo "2271"]
[WhiteFideId "1613880"]
[BlackFideId "700568"]
[EventDate "2016.05.27"]

1. d4 g6 2. c4 Bg7 3. e4 d6 4. Nc3 e5 5. Nf3 exd4 6. Nxd4 Ne7 7. Be2 O-O 8. O-O
Nbc6 9. Be3 f5 10. Qd2 fxe4 11. Nxe4 Nf5 12. Nxf5 Bxf5 13. Nc3 Qf6 14. Rad1 a6
15. Bf3 Rae8 16. Rfe1 Kh8 17. Bg5 Qf7 18. Bd5 Be6 19. Bxe6 Rxe6 20. Rxe6 Qxe6
21. Nd5 Qg4 1/2-1/2

[Event "35th Zalakaros Open 2016"]
[Site "Zalakaros HUN"]
[Date "2016.05.27"]
[Round "1.39"]
[White "Efroimski, Marsel"]
[Black "Nagy, Gabor1"]
[Result "1/2-1/2"]
[WhiteTitle "WIM"]
[BlackTitle "IM"]
[WhiteElo "2268"]
[BlackElo "2439"]
[WhiteFideId "2810964"]
[BlackFideId "737119"]
[EventDate "2016.05.27"]

1. e4 e5 2. Nf3 Nc6 3. Nc3 Nf6 4. Bb5 Bd6 5. O-O O-O 6. d3 h6 7. a3 Ne7 8. d4
Ng6 9. dxe5 Nxe5 10. Bf4 Nxf3+ 11. Qxf3 Bxf4 12. Qxf4 d6 13. Rad1 Bg4 14. Rd2
Qe7 15. Nd5 Nxd5 16. exd5 Bh5 17. f3 Qe5 18. Qxe5 dxe5 1/2-1/2

[Event "35th Zalakaros Open 2016"]
[Site "Zalakaros HUN"]
[Date "2016.05.27"]
[Round "1.40"]
[White "Gazik, Viktor"]
[Black "Dankhazi, Andras"]
[Result "1-0"]
[WhiteTitle "FM"]
[BlackTitle "FM"]
[WhiteElo "2433"]
[BlackElo "2267"]
[WhiteFideId "14928752"]
[BlackFideId "714267"]
[EventDate "2016.05.27"]

1. e4 e5 2. Nf3 Nc6 3. c3 d5 4. Qa4 Nf6 5. Nxe5 Bd6 6. Nxc6 bxc6 7. d3 O-O 8.
Be2 Qe8 9. Nd2 Bg4 10. Qd1 Bxe2 11. Qxe2 Bf4 12. f3 Nh5 13. g4 Nf6 14. Nb3 Bxc1
15. Rxc1 Qe5 16. O-O Qf4 17. Qd2 Qxd2 18. Nxd2 Rab8 19. Nb3 Nd7 20. Rc2 Ne5 21.
Nc5 Rfd8 22. d4 Nc4 23. Rff2 dxe4 24. Nxe4 f5 25. gxf5 Ne3 26. Rce2 Nxf5 27. Nc5
g6 28. Re6 Rd6 29. Rfe2 Kf7 30. b4 Rc8 31. Kf2 Ra8 32. R6e5 h6 33. Nd3 Rd5 34.
R5e4 Rd6 35. Ne5+ Kg7 36. Nc4 Rf6 37. Ne3 Nxe3 38. Re7+ Rf7 39. R2xe3 a5 40. a3
axb4 41. axb4 Ra2+ 42. Kg3 Rc2 43. R7e6 Rf6 44. Re8 Rf7 45. Ra8 g5 46. Ra5 Kg6
47. Re6+ Kg7 48. Rxc6 Re7 49. Ra7 Ree2 50. Raxc7+ Kf8 51. Kg4 Rxh2 52. Rh7 h5+
53. Kf5 1-0

[Event "35th Zalakaros Open 2016"]
[Site "Zalakaros HUN"]
[Date "2016.05.27"]
[Round "1.41"]
[White "Peczely, Sebastian Zsombor"]
[Black "Lalic, Bogdan"]
[Result "1/2-1/2"]
[BlackTitle "GM"]
[WhiteElo "2255"]
[BlackElo "2431"]
[WhiteFideId "750964"]
[BlackFideId "409081"]
[EventDate "2016.05.27"]

1. e4 c5 2. Nf3 Nc6 3. d4 cxd4 4. Nxd4 Qb6 5. Nb3 Nf6 6. Nc3 e6 7. Be3 Qc7 8. f3
Bb4 9. Qd2 d5 10. a3 Bxc3 11. Qxc3 dxe4 12. fxe4 O-O 13. Bd3 Qe5 14. Qxe5 Nxe5
15. Bd4 Nfd7 16. O-O-O Nxd3+ 17. Rxd3 e5 18. Bc3 Re8 1/2-1/2

[Event "35th Zalakaros Open 2016"]
[Site "Zalakaros HUN"]
[Date "2016.05.27"]
[Round "1.42"]
[White "Nguyen, Thai Dai Van"]
[Black "Damia, Angelo"]
[Result "1-0"]
[WhiteTitle "FM"]
[BlackTitle "FM"]
[WhiteElo "2438"]
[BlackElo "2254"]
[WhiteFideId "358878"]
[BlackFideId "812668"]
[EventDate "2016.05.27"]

1. e4 Nf6 2. e5 Nd5 3. d4 d6 4. c4 Nb6 5. exd6 cxd6 6. Nc3 g6 7. Be3 Bg7 8. Rc1
O-O 9. b3 Nc6 10. d5 Ne5 11. Be2 h5 12. Nf3 Ng4 13. Bg5 Nd7 14. h3 Ngf6 15. O-O
Nc5 16. Be3 Bd7 17. b4 Nce4 18. Nxe4 Nxe4 19. Bd3 Nf6 20. Nd4 a5 21. b5 Qc8 22.
f4 Bh6 23. Qd2 Bxh3 24. gxh3 Qxh3 25. Rf3 Qh4 26. Qf2 Qxf2+ 27. Bxf2 Rac8 28.
Re1 Rfe8 29. b6 Ng4 30. Bh4 Kf8 31. Nb5 1-0

[Event "35th Zalakaros Open 2016"]
[Site "Zalakaros HUN"]
[Date "2016.05.27"]
[Round "1.43"]
[White "Hardicsay, Peter"]
[Black "Butkiewicz, Lukasz"]
[Result "0-1"]
[WhiteTitle "IM"]
[BlackTitle "IM"]
[WhiteElo "2245"]
[BlackElo "2429"]
[WhiteFideId "700622"]
[BlackFideId "1122428"]
[EventDate "2016.05.27"]

1. c4 f5 2. Nc3 Nf6 3. d4 d6 4. g3 g6 5. Bg2 Bg7 6. Nh3 O-O 7. O-O c6 8. b3 Na6
9. Ba3 Bd7 10. Qd3 Qe8 11. Rad1 Kh8 12. f3 Rd8 13. e4 fxe4 14. Nxe4 d5 15. Nxf6
Bxf6 16. Nf2 Nc7 17. Qe2 Qf7 18. Bb2 dxc4 19. bxc4 Be6 20. Rc1 Qg7 21. Bh3 Bxh3
22. Nxh3 c5 23. Nf2 cxd4 24. Ba3 Rfe8 25. Qe4 b6 26. Nd3 e5 27. h4 Be7 28. Bb2
Bd6 29. Rfe1 Na6 30. Kg2 Nc5 31. Nxc5 bxc5 32. Rb1 Rb8 33. Ba3 Qc7 34. Rb3 Rxb3
35. axb3 Rb8 36. Rb1 Qb7 37. Qd3 a5 38. Rb2 Rf8 39. Re2 Qc6 40. Bc1 Kg8 41. Bh6
Rb8 42. Ra2 Bc7 43. Ra3 Re8 44. Qe4 Qxe4 45. fxe4 Rb8 46. Bd2 a4 47. Rxa4 Rxb3
48. Bh6 Rb7 49. Ra8+ Bb8 50. Ra6 Kf7 51. Rc6 Ba7 52. Bg5 Rd7 53. Kf3 Rb7 54.
Rf6+ Kg7 55. Rd6 Bb8 56. Rd5 h6 57. Bd8 Rb3+ 58. Kf2 Kf7 59. Ba5 Ke6 60. Rxc5
Rb2+ 61. Kf3 Bd6 62. Rb5 Rc2 63. Rb7 Rxc4 64. Rh7 h5 65. Rg7 Kf6 66. Rd7 Be7 67.
Bd2 Ke6 68. Rb7 Rc2 69. Ke2 Ra2 70. Rb3 Bc5 71. Kd3 Kd7 72. Rb7+ Kc6 73. Rf7 Kb5
74. Rb7+ Bb6 75. Re7 Ra3+ 76. Kc2 Rxg3 77. Rxe5+ Kc4 78. Rg5 d3+ 79. Kb2 Rxg5 0-1

[Event "35th Zalakaros Open 2016"]
[Site "Zalakaros HUN"]
[Date "2016.05.27"]
[Round "1.44"]
[White "Livaic, Leon"]
[Black "Hristodoulou, Panagiotis"]
[Result "1-0"]
[WhiteTitle "FM"]
[BlackTitle "FM"]
[WhiteElo "2428"]
[BlackElo "2245"]
[WhiteFideId "14531534"]
[BlackFideId "4214340"]
[EventDate "2016.05.27"]

1. d4 d5 2. c4 e6 3. Nc3 c6 4. Nf3 Nf6 5. Bg5 dxc4 6. a4 Bb4 7. e4 b5 8. e5 h6
9. exf6 hxg5 10. fxg7 Rg8 11. g3 Nd7 12. Bg2 Bb7 13. O-O a6 14. Ne5 Nxe5 15.
dxe5 Qxd1 16. Rfxd1 Rd8 17. axb5 axb5 18. Nxb5 Rxg7 19. Rxd8+ Kxd8 20. Rd1+ Kc8
21. Nd6+ Bxd6 22. Rxd6 Kc7 23. Rd4 g4 24. Rxc4 Rg5 25. Rc5 f6 26. f4 gxf3 27.
Bxf3 fxe5 28. Kf2 Kd6 29. Rc2 Rg8 30. h4 Rb8 31. h5 c5 32. Bxb7 Rxb7 33. Kf3 Ke7
34. Kg4 Kf6 35. Rf2+ Kg7 36. Kg5 e4 37. h6+ Kh7 38. g4 c4 39. Kh5 e3 40. Rf4
Rb5+ 41. g5 Re5 42. Rf7+ Kg8 43. h7+ Kxf7 44. h8=Q 1-0

[Event "35th Zalakaros Open 2016"]
[Site "Zalakaros HUN"]
[Date "2016.05.27"]
[Round "1.45"]
[White "Rigo, Janos"]
[Black "Vertetics, Attila"]
[Result "1/2-1/2"]
[WhiteTitle "IM"]
[BlackTitle "IM"]
[WhiteElo "2238"]
[BlackElo "2425"]
[WhiteFideId "700371"]
[BlackFideId "723720"]
[EventDate "2016.05.27"]

1. e4 c5 2. Nf3 e6 3. Nc3 a6 4. g3 b5 5. d3 Bb7 6. Bg2 d6 7. O-O Nd7 8. Re1 Qc7
9. Bf4 h6 10. h4 b4 11. Nb1 e5 12. Bd2 Ngf6 13. a3 a5 14. axb4 axb4 15. Rxa8+
Bxa8 16. c3 bxc3 17. bxc3 Be7 18. Na3 O-O 19. Nb5 Qb6 20. c4 Bc6 1/2-1/2